| 000 | 00523nam a2200193 4500 | ||
|---|---|---|---|
| 001 | 404 | ||
| 005 | 20181127161501.0 | ||
| 008 | s2002 000 1 eng u | ||
| 010 | _a20-02017137 | ||
| 020 | _a0312984685 | ||
| 100 | 1 | _aDiamond, Diana. | |
| 245 | 1 | 4 |
_aThe good sister / _cDiana Diamond. |
| 260 |
_aNew York : _bSt. Martins Press, _c2002. |
||
| 300 | _a343 p. | ||
| 650 |
_aInheritance and succession _xFiction. |
||
| 650 | _aMystery fiction. | ||
| 650 | _aPsychological fiction. | ||
| 650 |
_aSisters _xFiction. |
||
| 999 |
_c351 _d351 |
||